St Helens MBC and Reardon and Derry Bros. UK Ltd. (Record no. 50740)

MARC details
000 -LEADER
fixed length control field 01277cab a2200229 4500
001 - CONTROL NUMBER
control field X86197
008 - FIXED-LENGTH DATA ELEMENTS--GENERAL INFORMATION
fixed length control field 090401t1997 xxu||||| |||| 00| 0 eng d
035 ## - SYSTEM CONTROL NUMBER
System control number (Sirsi) u80608
041 ## - LANGUAGE CODE
Language code of text/sound track or separate title eng
245 ## - TITLE STATEMENT
Title St Helens MBC and Reardon and Derry Bros. UK Ltd.
260 ## - PUBLICATION, DISTRIBUTION, ETC.
Date of publication, distribution, etc. 1997
350 ## - PRICE (NR) (BK AM CF MU VM SE) [OBSOLETE]
Price 0
490 ## - SERIES STATEMENT
Series statement Planning Appeal Decisions
Volume/sequential designation [1997] 12 PAD 343-347(5)
520 ## - SUMMARY, ETC.
Summary, etc. Hearing 15 January 1997. Retrospective application-change of use to parking haulage vehicles-landscaping, screening, habitat enhancement-change of use from bog-whether appropriate in Green Belt-whether very special circumstances-commercial need-landscape improvements-economic reasons-Green Belt Local Plan-draft Unitary Development Plan-inappropriate development-PPG2-whether extension of enterprise essential-no available alternative site-access to motorway-no public operations-Heritage Landscape-Site of Community Wildlife interest-refusal and dismissal despite officers` recommendations for approval. Taken from headnote.
650 ## - SUBJECT ADDED ENTRY--TOPICAL TERM
Topical term or geographic name entry element CHANGE OF USE
650 ## - SUBJECT ADDED ENTRY--TOPICAL TERM
Topical term or geographic name entry element GREEN BELT
650 ## - SUBJECT ADDED ENTRY--TOPICAL TERM
Topical term or geographic name entry element PLANNING POLICY GUIDANCE NOTE 2 (GREEN BELTS)
650 ## - SUBJECT ADDED ENTRY--TOPICAL TERM
Topical term or geographic name entry element ST HELENS MBC AND REARDON AND DERRY BROS. UK LTD.
690 ## - LOCAL SUBJECT ADDED ENTRY--TOPICAL TERM (OCLC, RLIN)
Topical term or geographic name as entry element PLANNING LAW AND PRACTICE-CASE LAW
942 ## - ADDED ENTRY ELEMENTS (KOHA)
Suppress in OPAC 0
948 ## - LOCAL PROCESSING INFORMATION (OCLC); SERIES PART DESIGNATOR (RLIN)
c (OCLC) 02/09/1997
Holdings
Withdrawn status Lost status Source of classification or shelving scheme Damaged status Not for loan Home library Current library Shelving location Date acquired Total Checkouts Full call number Barcode Date last seen Copy number Price effective from Koha item type
    Dewey Decimal Classification     London London Journal article 14/09/1999   X86197 80608-1001 06/08/2019 1 06/08/2019 Law report